Stadiums of 1994 World Cup Quiz Stats

Quiz not verified by Sporcle

Challenge
Share
Tweet
Embed
Score 0/9 Timer 05:00
0 Plays Today
Stadiums % Correct
Rose Bowl
90.2%
Giants Stadium
84.6%
Soldier Field
75.9%
RFK Stadium
67.1%
Pontiac Silverdome
64.7%
Foxboro Stadium
59.4%
Cotton Bowl
52.4%
Stanford Stadium
38.5%
Citrus Bowl
38.5%

You're not logged in!

Compare scores with friends on all Sporcle quizzes.
Sign Up with Email
OR
Log In

You Might Also Like...

Show Comments

Extras

Top Quizzes Today


Score Distribution

Your Account Isn't Verified!

In order to create a playlist on Sporcle, you need to verify the email address you used during registration. Go to your Sporcle Settings to finish the process.